Sports Quiz

Random Sports or Song Quiz
Score 0/25 Timer 05:00
0 Plays Today
Tradition College % Correct
The Sooner SchoonerOklahoma
97.1%
Traveler the Trojan HorseUSC
95%
The Gator ChompFlorida
95%
The Bayou Bengal TigerLSU
93%
UgaGeorgia
87.4%
PaternovillePenn State
85.7%
Dotting the 'i'Ohio State
83.4%
Cadet MarchArmy/Navy
82.8%
'Rocky Top'Tennessee
82.3%
'Wooo, Pig, Sooie!'Arkansas
80.8%
Chief Osceola and RenegadeFlorida State
80%
Touchdown JesusNotre Dame
78.3%
'War Eagle'Auburn
73.1%
Tradition College % Correct
'Hail to the Victors!'Michigan
71.8%
'Take Me Home, Country Roads'West Virginia
68.5%
Howard's RockClemson
67.7%
BevoTexas
65.7%
The Ramblin' WreckGeorgia Tech
59.4%
Jump AroundWisconsin
57.2%
The Sea of RedNebraska
54.4%
Running RalphieColorado
50.8%
The World's Largest DrumPurdue
48.4%
CowbellsMississippi State
45.2%
Yell PracticeTexas A&M
42.5%
'Rammer Jammer'Alabama
38.3%
Remove Ads.
Support Sporcle.
Get the best of Sporcle when you Go Orange. This ad-free experience offers more features, more stats, and more fun while also helping to support Sporcle. Thank you for becoming a member.

You're not logged in!

Compare scores with friends on all Sporcle quizzes.
OR
Log In

Show Comments

Extras

Top Quizzes Today


Score Distribution

Your Account Isn't Verified!

In order to create a playlist on Sporcle, you need to verify the email address you used during registration. Go to your Sporcle Settings to finish the process.

Report this User

Report this user for behavior that violates our Community Guidelines.

Details: